Statistics for Flags with Stars

Click here to take the quiz!

General Stats

  • This quiz has been taken 22 times
  • The average score is 46 of 59

Answer Stats

Answer% Correct
Australia
94%
Israel
94%
Malaysia
94%
New Zealand
94%
North Korea
94%
Panama
94%
Syria
94%
United States
94%
Vietnam
94%
Algeria
88%
Brazil
88%
China
88%
Ethiopia
88%
Iraq
88%
Liberia
88%
Morocco
88%
Pakistan
88%
Singapore
88%
Somalia
88%
Tunisia
88%
Turkey
88%
Venezuela
88%
Burkina Faso
81%
Cuba
81%
Honduras
81%
Nepal
81%
Philippines
81%
Senegal
81%
Slovenia
81%
Turkmenistan
81%
Bosnia and Herzegovina
75%
Cameroon
75%
Cape Verde
75%
Central African Republic
75%
Dominica
75%
F.S. of Micronesia
75%
Ghana
75%
Kosovo
75%
Mauritania
75%
Myanmar
75%
Papua New Guinea
75%
Paraguay
75%
Tuvalu
75%
Djibouti
69%
D.R. Congo
69%
East Timor
69%
Samoa
69%
Sao Tome and Principe
69%
Suriname
69%
Togo
69%
Comoros
63%
Grenada
63%
Jordan
63%
Marshall Islands
63%
St Kitts and Nevis
63%
Zimbabwe
63%
Nauru
56%
Solomon Islands
56%
Namibia
44%

Score Distribution

Percentile by Number Answered

Percent of People with Each Score

Your Score History

You have not taken this quiz